Board Games - Statistics

General Stats
  • This quiz has been taken 66 times
    57 since last reset
  • The average score is 9 of 20
Answer Stats
Clue/Hint Board Game % Correct
A synonym of "Hint" Clue
100%
A game that can take hours to play Monopoly
94%
The rumor is that cats have nine of them Life
90%
A very popular and common word game Scrabble
88%
A game used with pieces and is known all around the world Chess
80%
A game that has been around for a while Checkers
75%
A game that also takes hours to play Risk
69%
What to draw......What to guess Pictionary
59%
A connecting game often played in the United States Connect 4
47%
A game that I would call "Fun" and is not set like what you would call a regular board Battleship
43%
A game of strategy and battling, and I have the new version and it is very fun Stratego
24%
Long game name but one word Backgammon
22%
A two-letter game name Go
20%
Often goes in the category of a "Thinking Game" Cranium
16%
A game where you are timed Scattergories
16%
Fun game! Axis and Allies
12%
Have you ever played this game? Maybe guess and find out. Othello
10%
Has the word "Man" in it (Not the answer) Mancala
6%
Can you take a good guess? Chutes and Latters
0%
Two words Trivial Persuit
0%
No matching quizzes found
Score Distribution
Percent of People with Each Score
Percentile by Number Answered
Your Score History
You have not taken this quiz since the last reset